000 00350nam a2200133Ia 4500
005 20260326100045.0
008 260326s9999||||xx |||||||||||||| ||und||
100 _aMarchán Fiz, Simón
245 0 _aLa Arquitectura del Siglo XX :
_b Textos /
_cSimón Marchán Fiz
260 _bAlberto Corazón
300 _a539 p.
650 _aTEORÍA
942 _cBK
999 _c7145
_d7145